000 00577nam a2200181 i 4500
001 bgj
245 0 0 _aThe Quickway Crossword Dictionary /
_ccompiled and revised by Henry W. Hill and Rowland G. P. Hill.
260 _aLondon :
_bPenguin Books,
_c1998.
300 _aXIV, [3], 646 pp ;
_c20 cm.
650 9 _aEnglish language
_xCrossword puzzles
650 _aGlosarries, vocabularies, etc.
700 1 _aHILL, Henry [Warburton]
_d(1877-1951)
700 1 _aHILL, Rowland G. P.
040 _cBPK
041 0 _aeng
942 _cKS
008 s uk f |000 0 eng
999 _c49094
_d49094
856 _uhttp://koha.tu.koszalin.pl/cgi-bin/koha/opac-detail.pl?biblionumber=49094
_yKatalog online BPK